Биоактивные композиционные материалы на основе поли (ε-капролактона) и гидроксиапатита для регенерации костных тканей: получение и свойства: автореферат диссертации на соискание ученой степени кандидата технических наук; спец. 1.3.8; спец. 2.2.12
| Autor principal: | |
|---|---|
| Autor corporatiu: | |
| Altres autors: | |
| Sumari: | Заглавие с титульного экрана Электронная версия печатной публикации Защита сост. 08.10.2025 На правах рукописи Текстовый файл |
| Idioma: | rus |
| Publicat: |
Томск, 2025
|
| Matèries: | |
| Accés en línia: | https://earchive.tpu.ru/handle/11683/132155 |
| Format: | MixedMaterials Electrònic Llibre |
| KOHA link: | https://koha.lib.tpu.ru/cgi-bin/koha/opac-detail.pl?biblionumber=681173 |
MARC
| LEADER | 00000nam0a2200000 4500 | ||
|---|---|---|---|
| 001 | 681173 | ||
| 005 | 20251119135812.0 | ||
| 090 | |a 681173 | ||
| 100 | |a 20250807d2025 k||y0rusy50 ca | ||
| 101 | 0 | |a rus | |
| 102 | |a RU | ||
| 105 | |a a dm 001yy | ||
| 135 | |a drcn ---uucaa | ||
| 181 | 0 | |a i |b e | |
| 182 | 0 | |a b | |
| 183 | 0 | |a cr |2 RDAcarrier | |
| 200 | 1 | |a Биоактивные композиционные материалы на основе поли (ε-капролактона) и гидроксиапатита для регенерации костных тканей: получение и свойства |e автореферат диссертации на соискание ученой степени кандидата технических наук |e спец. 1.3.8 |e спец. 2.2.12 |f Дубиненко Глеб Евгеньевич |g науч. рук. С. И. Твердохлебов ; Национальный исследовательский Томский политехнический университет | |
| 203 | |a Текст |c электронный |b визуальный | ||
| 210 | 1 | |a Томск |d 2025 | |
| 215 | |a 1 файл (2,96 МБ, 24 с.) |c pdf | ||
| 283 | |2 RDAcarrier |a online_resource | ||
| 300 | |a Заглавие с титульного экрана | ||
| 300 | |a Электронная версия печатной публикации | ||
| 300 | |a Защита сост. 08.10.2025 | ||
| 320 | |a Основные публикации по теме диссертации: с. 21-24 (16 назв.) | ||
| 333 | |a На правах рукописи | ||
| 336 | |a Текстовый файл | ||
| 452 | 1 | |0 682769 |9 682769 |a Дубиненко, Глеб Евгеньевич |t Биоактивные композиционные материалы на основе поли (ε-капролактона) и гидроксиапатита для регенерации костных тканей: получение и свойства |o автореферат диссертации на соискание ученой степени кандидата технических наук |o спец. 1.3.8 |o спец. 2.2.12 |f Дубиненко Глеб Евгеньевич |g науч. рук. С. И. Твердохлебов ; Национальный исследовательский Томский политехнический университет |c Томск |d 2025 |p 24 с. | |
| 606 | 1 | |a Медицинские биоматериалы для восстановления и фиксирования |9 87850 | |
| 610 | 1 | |a костные ткани | |
| 610 | 1 | |a регенерация | |
| 610 | 1 | |a биоактивные материалы | |
| 610 | 1 | |a композиционные материалы | |
| 610 | 1 | |a биоактивные композиционные материалы | |
| 610 | 1 | |a капролактон | |
| 610 | 1 | |a гидроксиапатиты | |
| 610 | 1 | |a 3D печать | |
| 610 | 1 | |a биомиметические скаффолды | |
| 610 | 1 | |a скаффолды | |
| 610 | 1 | |a медицинское материаловедение | |
| 610 | 1 | |a биорезорбируемые материалы | |
| 610 | 1 | |a электронный ресурс | |
| 610 | 1 | |a авторефераты диссертаций | |
| 610 | 1 | |a труды учёных ТПУ | |
| 675 | |a 616-74/.77 |v 4 | ||
| 686 | |2 oksvnk |a 01.04.07 | ||
| 686 | |2 oksvnk |a 05.11.17 | ||
| 700 | 1 | |a Дубиненко |b Г. Е. |c специалист в области материаловедения |c инженер Томского политехнического университета |f 1992- |g Глеб Евгеньевич |9 21520 | |
| 702 | 1 | |a Твердохлебов |b С. И. |c физик |c доцент Томского политехнического университета, кандидат физико-математических наук |f 1961- |g Сергей Иванович |4 727 |9 12889 | |
| 712 | 0 | 2 | |a Национальный исследовательский Томский политехнический университет |c (2009- ) |4 570 |9 26305 |
| 801 | 0 | |a RU |b 63413507 |c 20250807 |g RCR | |
| 850 | |a 63413507 | ||
| 856 | 4 | |u https://earchive.tpu.ru/handle/11683/132155 |z https://earchive.tpu.ru/handle/11683/132155 | |
| 942 | |c CF | ||